00346nam a22001337a 450000500170000002000220001703500130003903700130005210000170006524500500008225000120013226000440014430000240018820120209124537.0 a8120312937c75.00 aA-939553 aDPLbENG aPlumley, Sue a10 minute guide to windows 95cby Sue Plumley a2nd ed. aNew DelhibPrentice-Hall of Indiac1998 axii, 209p.c18 cms.